Statistics for Five Biggest Countries by Time Zone #1

Click here to take the quiz!

General Stats

  • This quiz has been taken 356 times
  • The average score is 11 of 15

Answer Stats

Time Zone (UTC±)Country% Correct
-10:00, -9:00, -8:00, -7:00, -6:00, -5:00, -4:00United States
100%
-8:00, -7:00, -6:00, -5:00, -4:00, -3:00Canada
99%
-5:00, -4:00, -3:00, -2:00Brazil
95%
-8:00, -7:00, -6:00, -5:00Mexico
95%
-3:00Argentina
91%
-3:00Chile
85%
-5:00Peru
84%
-4:00Bolivia
75%
-4:00, -3:00Paraguay
66%
±0:00Morocco
60%
±0:00Mali
58%
±0:00Mauritania
58%
-1:00Cape Verde
45%
±0:00Burkina Faso
42%
±0:00Côte d’Ivoire
42%

Score Distribution

Percentile by Number Answered

Percent of People with Each Score

Your Score History

You have not taken this quiz